[Event "Oberliga Ost A"]
[Site "?"]
[Date "2021.10.10"]
[Round "1.3"]
[White "Hellwig, Tobias"]
[Black "Schulte, Felix"]
[Result "1-0"]
[WhiteElo "2219"]
[BlackElo "2191"]
[PlyCount "85"]
[EventDate "2021.10.10"]
[EventType "team-tourn"]
[EventCountry "GER"]
[WhiteTeam "Sangerhausen SV"]
[BlackTeam "Halle USV"]
[WhiteTeamCountry "GER"]
[BlackTeamCountry "GER"]

1. d4 Nf6 2. Nf3 d5 3. c4 c6 4. Nc3 a6 5. a4 g6 6. Bf4 Bg7 7. e3 O-O 8. Be2
Nbd7 9. O-O Re8 10. Qb3 Nf8 11. Be5 Ne4 12. Bxg7 Nxc3 13. bxc3 Kxg7 14. cxd5
cxd5 15. c4 Be6 16. c5 Rb8 17. Rfb1 f6 18. Rb2 Qc7 19. Rab1 Bf5 20. Rc1 Qc6 21.
Nh4 Bd7 22. f4 Qxa4 23. Qxd5 Be6 24. Qe4 Qa3 25. Rcc2 Red8 26. Kf2 Rd7 27. Rb6
Bd5 28. Qd3 Qa1 29. Nf3 Ne6 30. Rc3 Bxf3 31. Bxf3 Nf8 32. Ra3 Qh1 33. h3 e5 34.
c6 Rc7 35. dxe5 Ne6 36. Rb1 Qh2 37. Qd6 Rd8 38. Rxb7 Rxd6 39. exd6 Nxf4 40.
Rxc7+ Kh6 41. exf4 Qxf4 42. Re3 Qxd6 43. Rd7 1-0

[Event "Oberliga Ost A"]
[Site "?"]
[Date "2021.10.10"]
[Round "1.4"]
[White "Sukaylo, Aleksey"]
[Black "Heyder, Florian"]
[Result "0-1"]
[WhiteElo "2103"]
[BlackElo "2208"]
[PlyCount "82"]
[EventDate "2021.10.10"]
[EventType "team-tourn"]
[EventCountry "GER"]
[WhiteTeam "Halle USV"]
[BlackTeam "Sangerhausen SV"]
[WhiteTeamCountry "GER"]
[BlackTeamCountry "GER"]

1. e4 e5 2. Nf3 d6 3. d4 exd4 4. Nxd4 Nf6 5. Nc3 Be7 6. Bc4 O-O 7. O-O a6 8. a4
Nxe4 9. Nxe4 d5 10. Bd3 dxe4 11. Bxe4 Re8 12. c3 Nd7 13. Qc2 Nf6 14. Bf3 c5 15.
Nf5 Bf8 16. Bf4 Qb6 17. Ne3 Be6 18. a5 Qa7 19. c4 Rad8 20. Ra3 Bd6 21. Bg5 Be5
22. Nd5 Bxd5 23. Bxd5 Qb8 24. Rh3 h6 25. Bxf6 Bxf6 26. Rxh6 gxh6 27. Qg6+ Bg7
28. Qxf7+ Kh8 29. Bxb7 Rf8 30. Qe7 Qd6 31. Qe4 Qf4 32. Qxf4 Rxf4 33. Bxa6 Ra8
34. g3 Rf7 35. Bb5 Rxa5 36. f4 Bxb2 37. Kg2 Re7 38. Kh3 Bd4 39. Kg4 Ra2 40. f5
Rxh2 41. Bc6 Kg7 0-1

[Event "Oberliga Ost A"]
[Site "?"]
[Date "2021.10.10"]
[Round "1.5"]
[White "Hillmann, Michael"]
[Black "Luther, Juergen"]
[Result "1/2-1/2"]
[WhiteElo "2105"]
[BlackElo "2115"]
[PlyCount "89"]
[EventDate "2021.10.10"]
[EventType "team-tourn"]
[EventCountry "GER"]
[WhiteTeam "Sangerhausen SV"]
[BlackTeam "Halle USV"]
[WhiteTeamCountry "GER"]
[BlackTeamCountry "GER"]

1. d4 f5 2. c4 Nf6 3. Nc3 e6 4. e3 Bb4 5. Bd2 O-O 6. Bd3 Bxc3 7. Bxc3 Ne4 8.
Ne2 Nxc3 9. Nxc3 Nc6 10. f4 d6 11. Qe2 e5 12. d5 Nb4 13. O-O Nxd3 14. Qxd3 e4
15. Qd2 Bd7 16. g4 Qe7 17. g5 a6 18. Ne2 Rfd8 19. Rfd1 Qf7 20. Rac1 c5 21. dxc6
Bxc6 22. Nd4 Rac8 23. Qa5 Rf8 24. b3 g6 25. a4 Qe7 26. Rd2 Rfd8 27. h4 Be8 28.
Qb4 Rc5 29. Rcd1 a5 30. Qa3 b6 31. Ne2 Bf7 32. Nc3 Qf8 33. Nd5 Bxd5 34. Rxd5
Rxd5 35. Rxd5 Qg7 36. Qc1 Kf8 37. Rb5 Rb8 38. Qd2 Qa1+ 39. Kg2 Ke7 40. h5 Qg7
41. h6 Qa1 42. Kf2 Ke6 43. Rd5 Rd8 44. Rb5 Rb8 45. Rd5 1/2-1/2

[Event "Oberliga Ost A"]
[Site "?"]
[Date "2021.10.10"]
[Round "1.6"]
[White "Groeger, Stefan"]
[Black "Ellemann, Stefan"]
[Result "1/2-1/2"]
[WhiteElo "2107"]
[BlackElo "2034"]
[PlyCount "35"]
[EventDate "2021.10.10"]
[EventType "team-tourn"]
[EventCountry "GER"]
[WhiteTeam "Halle USV"]
[BlackTeam "Sangerhausen SV"]
[WhiteTeamCountry "GER"]
[BlackTeamCountry "GER"]

1. d4 d5 2. Nf3 Nf6 3. c4 c6 4. Nc3 dxc4 5. a4 Bf5 6. e3 e6 7. Bxc4 Bb4 8. Qb3
c5 9. dxc5 Nc6 10. Nd4 O-O 11. Nxc6 Bxc3+ 12. Qxc3 bxc6 13. O-O Ne4 14. Qe5 Qb8
15. Qxb8 Rfxb8 16. f3 Nxc5 17. e4 Bg6 18. Be3 1/2-1/2

[Event "Oberliga Ost A"]
[Site "?"]
[Date "2021.10.10"]
[Round "1.8"]
[White "Perekhozhuk, Maksym"]
[Black "Duchrow, Oliver"]
[Result "0-1"]
[WhiteElo "1986"]
[BlackElo "2064"]
[PlyCount "84"]
[EventDate "2021.10.10"]
[EventType "team-tourn"]
[EventCountry "GER"]
[WhiteTeam "Halle USV"]
[BlackTeam "Sangerhausen SV"]
[WhiteTeamCountry "GER"]
[BlackTeamCountry "GER"]

1. e4 e5 2. Nf3 d6 3. Bc4 Be7 4. c3 Nf6 5. Qb3 O-O 6. Ng5 Qe8 7. d4 exd4 8.
cxd4 h6 9. Nxf7 Rxf7 10. Bxf7+ Qxf7 11. Qxf7+ Kxf7 12. e5 Nd5 13. Bd2 Nc6 14.
exd6 Bxd6 15. Bc3 Bf5 16. O-O Re8 17. Nd2 Re2 18. Nc4 Bf4 19. g3 Bd3 20. Ne5+
Bxe5 21. dxe5 Nxc3 22. bxc3 Nxe5 23. f4 Ng4 24. h3 Re3 25. hxg4 Bxf1 26. Kxf1
Rxg3 27. Kf2 Rxg4 28. Kf3 Rg6 29. Rc1 Rc6 30. Ke4 Kf6 31. c4 b5 32. c5 Re6+ 33.
Kf3 Ra6 34. Rc2 Ra3+ 35. Kg4 g6 36. Rb2 a6 37. Rd2 h5+ 38. Kh4 Ra4 39. Rd7
Rxf4+ 40. Kg3 Ra4 41. Rxc7 Rxa2 42. c6 Rc2 0-1

[Event "Oberliga Ost A"]
[Site "?"]
[Date "2021.10.10"]
[Round "1.1"]
[White "Schunk, Thomas"]
[Black "Natsidis, Christoph"]
[Result "1/2-1/2"]
[WhiteElo "2138"]
[BlackElo "2347"]
[PlyCount "38"]
[EventDate "2021.10.10"]
[EventType "team-tourn"]
[EventCountry "GER"]
[WhiteTeam "Leipzig SG II"]
[BlackTeam "Leipzig SG"]
[WhiteTeamCountry "GER"]
[BlackTeamCountry "GER"]

1. c4 c5 2. Nf3 Nf6 3. d4 cxd4 4. Nxd4 e6 5. e3 Nc6 6. Be2 Bb4+ 7. Nd2 O-O 8.
O-O d5 9. N2f3 Qe7 10. Qc2 Nxd4 11. exd4 dxc4 12. Ne5 h6 13. Bf3 Bd7 14. Bxb7
Ba4 15. Qxa4 Qxb7 16. Nxc4 Rac8 17. b3 Nd5 18. Ba3 Nf4 19. f3 Bxa3 1/2-1/2

[Event "Oberliga Ost A"]
[Site "?"]
[Date "2021.10.10"]
[Round "1.2"]
[White "Richter, Leonard"]
[Black "Schubert, Thomas"]
[Result "1-0"]
[WhiteElo "2277"]
[BlackElo "2319"]
[PlyCount "93"]
[EventDate "2021.10.10"]
[EventType "team-tourn"]
[EventCountry "GER"]
[WhiteTeam "Leipzig SG"]
[BlackTeam "Leipzig SG II"]
[WhiteTeamCountry "GER"]
[BlackTeamCountry "GER"]

1. e4 c6 2. d4 d5 3. e5 Bf5 4. Nd2 e6 5. Nb3 Nd7 6. Nf3 Ne7 7. Bd3 c5 8. dxc5
Nxc5 9. Nxc5 Qa5+ 10. c3 Qxc5 11. Qa4+ Nc6 12. Be3 Qa5 13. Qxa5 Nxa5 14. Bxf5
exf5 15. O-O-O Nc4 16. Rxd5 Nxe3 17. fxe3 g6 18. Rhd1 Bh6 19. R1d3 a6 20. Kd2
b5 21. Ke2 O-O 22. Rd7 Rfe8 23. Rb7 Rab8 24. Ra7 Ra8 25. Rdd7 Rxa7 26. Rxa7 Re6
27. Kd3 f6 28. Ra8+ Kg7 29. Kd4 fxe5+ 30. Kd5 Rb6 31. Nxe5 Bxe3 32. Nd7 Rb7 33.
Kc6 Ra7 34. Rxa7 Bxa7 35. Kb7 Bg1 36. Kxa6 Bxh2 37. Kxb5 Kf7 38. a4 Ke7 39. Kc6
Kd8 40. a5 Kc8 41. a6 Bg1 42. c4 Ba7 43. b4 f4 44. b5 f3 45. gxf3 h5 46. b6
Bxb6 47. Kxb6 1-0

[Event "Oberliga Ost A"]
[Site "?"]
[Date "2021.10.10"]
[Round "1.3"]
[White "Schultz, Andreas"]
[Black "Nguyen, Alex Dac Vuong"]
[Result "0-1"]
[WhiteElo "2189"]
[BlackElo "2281"]
[PlyCount "90"]
[EventDate "2021.10.10"]
[EventType "team-tourn"]
[EventCountry "GER"]
[WhiteTeam "Leipzig SG II"]
[BlackTeam "Leipzig SG"]
[WhiteTeamCountry "GER"]
[BlackTeamCountry "GER"]

{[%evp 0,90,16,28,27,-16,-9,4,4,21,33,32,34,23,20,20,47,36,27,40,56,46,46,42,
40,-3,40,32,35,36,36,20,24,34,20,14,14,9,10,10,48,36,33,-20,-32,-28,-7,0,2,-12,
-3,-3,-3,-8,-7,-7,-18,-18,-6,0,0,3,38,-38,-38,-42,-37,-37,-31,-63,-22,-73,-84,
-93,-97,-94,-90,-93,-58,-92,-93,-85,-75,-101,-127,-92,-93,-134,-139,-29993,
-29994,-29995,-29996]} 1. d4 Nf6 2. c4 e6 3. Nc3 Bb4 4. e3 O-O 5. Bd3 c5 6. Nf3
d5 7. O-O cxd4 8. exd4 dxc4 9. Bxc4 b6 10. a3 Bxc3 11. bxc3 Bb7 12. Bd3 Be4 13.
Bg5 Bxd3 14. Qxd3 Nbd7 15. Rfd1 h6 16. Bh4 Qc7 17. Bg3 Qc6 18. c4 Rac8 19. Rac1
Qa4 20. Bd6 Rfd8 21. Qc2 Qxc2 22. Rxc2 Rc6 23. Be7 Re8 24. Bxf6 Nxf6 25. Ne5
Rd6 26. f3 Red8 27. Rcd2 Nd7 28. Nxd7 R8xd7 29. Kf2 Rc6 30. Rc1 e5 31. Ke3
exd4+ 32. Rxd4 Re6+ 33. Re4 Red6 34. Rc3 Rd2 35. g4 Rxh2 36. Re8+ Kh7 37. c5
bxc5 38. Rc8 Rdd2 39. R8xc5 Rhe2+ 40. Kf4 g5+ 41. Kf5 Re6 42. Re5 Ra6 43. Re7
Kg7 44. Ree3 Rf6+ 45. Ke4 Re6+ 0-1

[Event "Oberliga Ost A"]
[Site "?"]
[Date "2021.10.10"]
[Round "1.4"]
[White "Heistermann, Till"]
[Black "Roemling, Sven"]
[Result "1-0"]
[WhiteElo "2184"]
[BlackElo "2214"]
[PlyCount "35"]
[EventDate "2021.10.10"]
[EventType "team-tourn"]
[EventCountry "GER"]
[WhiteTeam "Leipzig SG"]
[BlackTeam "Leipzig SG II"]
[WhiteTeamCountry "GER"]
[BlackTeamCountry "GER"]

1. d4 Nf6 2. Bf4 h6 3. e3 d6 4. Nd2 c6 5. c3 Bf5 6. h3 d5 7. Ngf3 Nbd7 8. Qb3
Qb6 9. c4 Qxb3 10. axb3 e6 11. c5 a6 12. b4 g5 13. Bh2 Bg7 14. b5 O-O 15. bxc6
bxc6 16. Be2 a5 17. O-O Ra7 18. b4 1-0

[Event "Oberliga Ost A"]
[Site "?"]
[Date "2021.10.10"]
[Round "1.5"]
[White "Dietze, Frank"]
[Black "Roesemann, Rainer"]
[Result "0-1"]
[WhiteElo "2062"]
[BlackElo "2257"]
[PlyCount "46"]
[EventDate "2021.10.10"]
[EventType "team-tourn"]
[EventCountry "GER"]
[WhiteTeam "Leipzig SG II"]
[BlackTeam "Leipzig SG"]
[WhiteTeamCountry "GER"]
[BlackTeamCountry "GER"]

{[%evp 0,46,27,27,29,34,22,-6,33,15,26,18,-2,-20,38,52,29,-14,31,33,26,18,20,
20,13,-11,-11,-4,15,-32,-36,-75,-75,-75,-75,-81,-41,-88,153,-172,-172,-95,-25,
-148,-156,-207,163,-172,285]} 1. d4 d5 2. Nf3 Nf6 3. c4 c6 4. e3 Bf5 5. Nc3 e6
6. Nh4 Bg4 7. Qb3 Qb6 8. Qc2 Be7 9. h3 Bh5 10. g4 Bg6 11. Nxg6 hxg6 12. Be2
dxc4 13. Bxc4 Nbd7 14. Bd2 c5 15. d5 Ne5 16. Bb5+ Kf8 17. O-O-O c4 18. g5 Nxd5
19. Nxd5 exd5 20. Bc3 Nd3+ 21. Rxd3 cxd3 22. Qxd3 Bxg5 23. Qxd5 Rh5 0-1

[Event "Oberliga Ost A"]
[Site "?"]
[Date "2021.10.10"]
[Round "1.6"]
[White "Kalkhof, Stefan"]
[Black "Haufe, Laurin"]
[Result "0-1"]
[WhiteElo "2211"]
[BlackElo "2045"]
[PlyCount "64"]
[EventDate "2021.10.10"]
[EventType "team-tourn"]
[EventCountry "GER"]
[WhiteTeam "Leipzig SG"]
[BlackTeam "Leipzig SG II"]
[WhiteTeamCountry "GER"]
[BlackTeamCountry "GER"]

{[%evp 0,64,27,-32,-4,-10,28,-39,-24,-24,-11,-10,-10,-63,-38,-100,-68,-38,-28,
-33,-3,-22,-18,-7,-2,2,3,-28,-21,-30,29,-5,15,15,12,9,10,-27,12,10,21,20,15,-1,
1,-114,-205,-210,-227,-243,-214,-245,-244,-244,-195,-194,-223,-248,-233,-224,
-229,-269,-221,-258,-266,-294,-283]} 1. b3 Nf6 2. Bb2 g6 3. g3 Bg7 4. Bg2 c5 5.
e4 d6 6. f4 O-O 7. Qe2 Nc6 8. Nf3 Re8 9. O-O e5 10. fxe5 dxe5 11. Na3 Qc7 12.
d3 Nd4 13. Qd1 Bg4 14. c3 Nc6 15. h3 Be6 16. Qe2 Rad8 17. Rad1 a6 18. Nc2 h6
19. Ne3 Kh7 20. Kh2 b5 21. c4 Nd4 22. Bxd4 exd4 23. Nd5 Bxd5 24. cxd5 Nxd5 25.
Rc1 Ne3 26. Rfe1 Qd6 27. a4 f5 28. Nd2 f4 29. gxf4 Qxf4+ 30. Kg1 Be5 31. Nf3
Bd6 32. axb5 axb5 0-1

[Event "Oberliga Ost A"]
[Site "?"]
[Date "2021.10.10"]
[Round "1.7"]
[White "Neuhoff, Laertes"]
[Black "Hoffmann, Hendrik"]
[Result "0-1"]
[WhiteElo "1935"]
[BlackElo "2242"]
[PlyCount "78"]
[EventDate "2021.10.10"]
[EventType "team-tourn"]
[EventCountry "GER"]
[WhiteTeam "Leipzig SG II"]
[BlackTeam "Leipzig SG"]
[WhiteTeamCountry "GER"]
[BlackTeamCountry "GER"]

1. e4 e5 2. Nf3 Nf6 3. d4 Nxe4 4. Bd3 d5 5. Nxe5 Nd7 6. Nxd7 Bxd7 7. O-O Be7 8.
c4 Nf6 9. Nc3 dxc4 10. Bxc4 O-O 11. Bg5 Bg4 12. Qd3 Qd7 13. Rfe1 Rfe8 14. d5
Nxd5 15. Qxd5 Qxd5 16. Bxd5 Bxg5 17. Bxb7 Rxe1+ 18. Rxe1 Rb8 19. Bc6 Bd2 20.
Re8+ Rxe8 21. Bxe8 Kf8 22. Ba4 Be6 23. Bb3 Bxb3 24. axb3 c6 25. Kf1 Ke7 26. Ke2
Bc1 27. Na4 Kd6 28. Kd3 h5 29. Kc2 Bf4 30. g3 Be5 31. Nc3 f5 32. Ne2 Kc5 33. h4
Kd5 34. Kd3 Bxb2 35. Nf4+ Kc5 36. Nxh5 Kb4 37. Kc2 Be5 38. Nxg7 Bxg7 39. f3 Bf6
0-1

[Event "Oberliga Ost A"]
[Site "?"]
[Date "2021.10.10"]
[Round "1.8"]
[White "Rausch, Stephan"]
[Black "Dobierzin, Olaf"]
[Result "1-0"]
[WhiteElo "2281"]
[BlackElo "2015"]
[PlyCount "79"]
[EventDate "2021.10.10"]
[EventType "team-tourn"]
[EventCountry "GER"]
[WhiteTeam "Leipzig SG"]
[BlackTeam "Leipzig SG II"]
[WhiteTeamCountry "GER"]
[BlackTeamCountry "GER"]

1. d4 Nf6 2. c4 g6 3. Nc3 Bg7 4. e4 d6 5. f3 O-O 6. Be3 c6 7. Bd3 a6 8. Nge2 b5
9. b3 Nbd7 10. O-O e5 11. d5 cxd5 12. cxd5 Nb6 13. Rc1 Bd7 14. a4 b4 15. Nb1 a5
16. Nd2 Ne8 17. Bb5 f5 18. Kh1 Bxb5 19. axb5 Rb8 20. Qc2 fxe4 21. Nxe4 Nf6 22.
Nxf6+ Bxf6 23. Qd3 Qd7 24. Ng3 Nc8 25. Rc6 Bd8 26. Ne4 Bb6 27. Bg5 Bd8 28. Bxd8
Qxd8 29. Rfc1 Na7 30. Rxd6 Qe7 31. Re6 Rbc8 32. Rd1 Qd7 33. b6 Nb5 34. Nf6+
Rxf6 35. Rxf6 Qd8 36. b7 Rb8 37. Qxb5 Qxf6 38. d6 Qd8 39. d7 Kf7 40. Qxe5 1-0

[Event "Oberliga Ost A"]
[Site "?"]
[Date "2021.10.10"]
[Round "1.1"]
[White "Paul, Johannes"]
[Black "Mueller, Dominik"]
[Result "1-0"]
[WhiteElo "2312"]
[BlackElo "2218"]
[PlyCount "63"]
[EventDate "2021.10.10"]
[EventType "team-tourn"]
[EventCountry "GER"]
[WhiteTeam "Magdeburg SG Aufbau Elbe II"]
[BlackTeam "Magdeburg SV Rochade"]
[WhiteTeamCountry "GER"]
[BlackTeamCountry "GER"]

1. d4 Nf6 2. c4 g6 3. Nc3 d5 4. cxd5 Nxd5 5. e4 Nxc3 6. bxc3 c5 7. Nf3 Bg7 8.
Be3 Qa5 9. Qd2 O-O 10. Rc1 Rd8 11. d5 e6 12. Bg5 f6 13. Bf4 Nc6 14. Bd3 exd5
15. exd5 c4 16. Bxc4 Be6 17. dxe6 Rxd2 18. Bxd2 Qc5 19. Bb3 a5 20. Be3 Qb5 21.
Nd4 Qd3 22. Nxc6 f5 23. e7+ Kh8 24. Nd8 Rxd8 25. exd8=Q+ Qxd8 26. O-O Qc7 27.
g3 Be5 28. Bd4 Kg7 29. Rfe1 Bf6 30. Rcd1 h5 31. Bxf6+ Kxf6 32. Re6+ 1-0

[Event "Oberliga Ost A"]
[Site "?"]
[Date "2021.10.10"]
[Round "1.2"]
[White "Stolz, Mike"]
[Black "Armbrust, Florian"]
[Result "1-0"]
[WhiteElo "2334"]
[BlackElo "2306"]
[PlyCount "131"]
[EventDate "2021.10.10"]
[EventType "team-tourn"]
[EventCountry "GER"]
[WhiteTeam "Magdeburg SV Rochade"]
[BlackTeam "Magdeburg SG Aufbau Elbe II"]
[WhiteTeamCountry "GER"]
[BlackTeamCountry "GER"]

1. e4 c5 2. Nf3 d6 3. c3 Nf6 4. Bd3 Bg4 5. h3 Bh5 6. g4 Bg6 7. Nh4 Nc6 8. Qe2
e6 9. Nxg6 hxg6 10. Bc2 d5 11. d3 dxe4 12. dxe4 Bd6 13. Na3 Qb8 14. Be3 Bf4 15.
O-O-O g5 16. Kb1 Bxe3 17. Qxe3 Qf4 18. Qe2 a6 19. Nc4 b5 20. Nd6+ Ke7 21. Rhe1
Ne5 22. a4 bxa4 23. Nc4 a3 24. Nxa3 Rxh3 25. Nc4 Rh2 26. Rf1 Qf3 27. Qxf3 Nxf3
28. e5 Nd5 29. Be4 Nh4 30. Bxd5 exd5 31. Rxd5 Rd8 32. Rxc5 Nf3 33. Kc1 Rh4 34.
Ne3 Nd2 35. Rc7+ Ke6 36. Rd1 Nb3+ 37. Kc2 Rxd1 38. Kxd1 Rh2 39. Kc2 Na1+ 40.
Kb1 Nb3 41. Kc2 Na1+ 42. Kd3 Rxf2 43. b4 Kxe5 44. Rc5+ Ke6 45. Rxg5 Nb3 46.
Rxg7 Nc1+ 47. Ke4 Na2 48. Kd4 Rf4+ 49. Kd3 Rf3 50. Ke4 Rf2 51. Nd5 Re2+ 52. Kf3
Rc2 53. Rg5 Nxc3 54. Nf4+ Kd6 55. Rf5 Ke7 56. Ra5 Na2 57. Nd5+ Kd7 58. Rxa6 Nc3
59. Ra7+ Kc6 60. Nf4 Nd5 61. Nxd5 Kxd5 62. Rxf7 Rc3+ 63. Kf4 Rc4+ 64. Kf5 Rxb4
65. Rd7+ Kc6 66. Rd2 1-0

[Event "Oberliga Ost A"]
[Site "?"]
[Date "2021.10.10"]
[Round "1.3"]
[White "Rafayevych, Vilen"]
[Black "Niering, Martin"]
[Result "1-0"]
[WhiteElo "2145"]
[BlackElo "2177"]
[PlyCount "79"]
[EventDate "2021.10.10"]
[EventType "team-tourn"]
[EventCountry "GER"]
[WhiteTeam "Magdeburg SG Aufbau Elbe II"]
[BlackTeam "Magdeburg SV Rochade"]
[WhiteTeamCountry "GER"]
[BlackTeamCountry "GER"]

1. d4 d5 2. c4 e6 3. cxd5 exd5 4. Nc3 Nf6 5. Bg5 Be7 6. e3 c6 7. Bd3 h6 8. Bh4
O-O 9. Qc2 Re8 10. Nge2 Ne4 11. Bxe7 Qxe7 12. Nf4 Nxc3 13. bxc3 Nd7 14. O-O Nf6
15. c4 Be6 16. Nxe6 Qxe6 17. Rab1 b6 18. cxd5 Nxd5 19. Rfc1 Ne7 20. Bc4 Qf6 21.
a4 Rac8 22. Ba6 Rc7 23. Qe4 Rd8 24. a5 c5 25. dxc5 bxc5 26. Bd3 g6 27. a6 Nd5
28. Rb7 Re7 29. Qf3 Qxf3 30. gxf3 Kf8 31. Rxc5 Rdd7 32. Rc8+ Kg7 33. Be4 Nb6
34. Rcb8 Kf6 35. Kf1 Nc4 36. Rxd7 Rxd7 37. Rb7 Ke6 38. Bc6 Rd6 39. Be8 Na5 40.
Rxa7 1-0

[Event "Oberliga Ost A"]
[Site "?"]
[Date "2021.10.10"]
[Round "1.4"]
[White "Kahe, Ralph"]
[Black "Wagner, Benjamin"]
[Result "0-1"]
[WhiteElo "2185"]
[BlackElo "2007"]
[PlyCount "76"]
[EventDate "2021.10.10"]
[EventType "team-tourn"]
[EventCountry "GER"]
[WhiteTeam "Magdeburg SV Rochade"]
[BlackTeam "Magdeburg SG Aufbau Elbe II"]
[WhiteTeamCountry "GER"]
[BlackTeamCountry "GER"]

1. d4 Nf6 2. c4 e6 3. Nc3 d5 4. Bg5 Bb4 5. Qa4+ Nc6 6. a3 Be7 7. e3 O-O 8. Nf3
Ne4 9. Bxe7 Qxe7 10. Qc2 Nxc3 11. Qxc3 Re8 12. cxd5 exd5 13. Bb5 Bd7 14. Bxc6
Bxc6 15. Rc1 Bb5 16. Qc5 Qd7 17. Ne5 Rxe5 18. dxe5 Re8 19. f3 Rxe5 20. Kf2 c6
21. Qxa7 d4 22. Qxd4 Rd5 23. Qb4 Rd2+ 24. Kg3 Qd3 25. Rhe1 h5 26. Qe4 Qd6+ 27.
f4 c5 28. Qe5 Qg6+ 29. Qg5 Qe4 30. Rg1 Qxe3+ 31. Kh4 Rf2 32. Rcd1 Rxf4+ 33. g4
Qf2+ 34. Kh3 Rf3+ 35. Rg3 hxg4+ 36. Qxg4 Bf1+ 37. Rxf1 Qxf1+ 38. Kh4 Rf4 0-1

[Event "Oberliga Ost A"]
[Site "?"]
[Date "2021.10.10"]
[Round "1.5"]
[White "Windelband, Jens"]
[Black "Schulze, Nick"]
[Result "1-0"]
[WhiteElo "2136"]
[BlackElo "1962"]
[PlyCount "61"]
[EventDate "2021.10.10"]
[EventType "team-tourn"]
[EventCountry "GER"]
[WhiteTeam "Magdeburg SG Aufbau Elbe II"]
[BlackTeam "Magdeburg SV Rochade"]
[WhiteTeamCountry "GER"]
[BlackTeamCountry "GER"]

1. e4 c5 2. c3 Nf6 3. e5 Nd5 4. d4 cxd4 5. Nf3 e6 6. cxd4 Nc6 7. Bc4 d6 8. exd6
Bxd6 9. O-O O-O 10. Re1 Re8 11. Qe2 Bd7 12. Nc3 Rc8 13. Bg5 Nxd4 14. Nxd4 Nxc3
15. Qg4 Be7 16. Nxe6 fxe6 17. Bxe7 Qxe7 18. bxc3 Qc5 19. Bb3 Qxc3 20. Rad1 Kh8
21. Re3 Qc6 22. Rh3 h6 23. Qd4 Rcd8 24. Rxh6+ Kg8 25. Rg6 Re7 26. h4 Kf8 27. h5
e5 28. Qh4 Qc7 29. h6 Be6 30. Rxd8+ Qxd8 31. hxg7+ 1-0

[Event "Oberliga Ost A"]
[Site "?"]
[Date "2021.10.10"]
[Round "1.6"]
[White "Hoffmann, Simon"]
[Black "Brueggemann, Florian"]
[Result "1/2-1/2"]
[WhiteElo "1821"]
[BlackElo "1968"]
[PlyCount "78"]
[EventDate "2021.10.10"]
[EventType "team-tourn"]
[EventCountry "GER"]
[WhiteTeam "Magdeburg SV Rochade"]
[BlackTeam "Magdeburg SG Aufbau Elbe II"]
[WhiteTeamCountry "GER"]
[BlackTeamCountry "GER"]

1. e4 c5 2. Nc3 e6 3. g3 h5 4. Bg2 h4 5. g4 h3 6. Nxh3 Nc6 7. d3 Bd6 8. Bf4
Bxf4 9. Nxf4 Qc7 10. Nh5 g6 11. Ng3 Rh4 12. h3 Nd4 13. Qd2 b5 14. Nce2 Nxe2 15.
Nxe2 Bb7 16. Qg5 Rh6 17. h4 f6 18. Qf4 Qxf4 19. Nxf4 g5 20. hxg5 fxg5 21. Nh5
O-O-O 22. Ke2 Ne7 23. f4 Rg8 24. Bf3 Nc6 25. c3 gxf4 26. Nxf4 Rxh1 27. Rxh1 Ne5
28. Rh5 d6 29. Nxe6 Nxg4 30. Rg5 Rxg5 31. Nxg5 Ne5 32. Bh5 c4 33. d4 Nd3 34.
Nf7 Kd7 35. Ke3 Nxb2 36. e5 dxe5 37. Bg4+ Ke7 38. Nxe5 Na4 39. Kd2 Nb6 1/2-1/2

[Event "Oberliga Ost A"]
[Site "?"]
[Date "2021.10.10"]
[Round "1.8"]
[White "Seibicke, Ralf"]
[Black "Willberg, Frank"]
[Result "1/2-1/2"]
[WhiteElo "2100"]
[BlackElo "1888"]
[PlyCount "93"]
[EventDate "2021.10.10"]
[EventType "team-tourn"]
[EventCountry "GER"]
[WhiteTeam "Magdeburg SV Rochade"]
[BlackTeam "Magdeburg SG Aufbau Elbe II"]
[WhiteTeamCountry "GER"]
[BlackTeamCountry "GER"]

1. Nf3 Nf6 2. g3 g6 3. Bg2 Bg7 4. O-O d5 5. d4 O-O 6. c4 c6 7. Qb3 Qb6 8. Nc3
Rd8 9. Bf4 Qxb3 10. axb3 Na6 11. Rfd1 Bf5 12. Rd2 Ne4 13. Nxe4 Bxe4 14. Ne5
Bxg2 15. Kxg2 c5 16. Nc6 bxc6 17. Rxa6 cxd4 18. Rxc6 dxc4 19. bxc4 e5 20. Bg5
Rdc8 21. Rxc8+ Rxc8 22. Rc2 e4 23. b4 d3 24. exd3 exd3 25. Rc1 Bb2 26. Rb1 Bc3
27. c5 d2 28. Kf3 Bxb4 29. Ke2 Rxc5 30. Rxb4 Rxg5 31. Kxd2 Ra5 32. Ke2 Ra3 33.
Rb7 g5 34. h3 Kg7 35. Kf1 a5 36. Ra7 Kg6 37. Ra6+ f6 38. Kg2 h5 39. g4 hxg4 40.
hxg4 a4 41. Ra7 Ra2 42. Kf3 a3 43. Kg2 Ra1 44. Kf3 Rh1 45. Kg2 Ra1 46. Kf3 Kh6
47. Kg2 1/2-1/2

[Event "Oberliga Ost A"]
[Site "?"]
[Date "2022.04.30"]
[Round "2.1"]
[White "Schunk, Thomas"]
[Black "Pulpan, Jakub"]
[Result "0-1"]
[WhiteElo "2143"]
[BlackElo "2418"]
[PlyCount "44"]
[EventDate "2021.10.10"]
[EventType "team-tourn"]
[EventCountry "GER"]
[WhiteTeam "Leipzig SG II"]
[BlackTeam "Aue ESV Nickelhuette"]
[WhiteTeamCountry "GER"]
[BlackTeamCountry "GER"]

1. c4 e6 2. Nf3 Nf6 3. b3 d5 4. Bb2 c5 5. e3 Nc6 6. a3 Be7 7. Qc2 b6 8. cxd5
exd5 9. b4 O-O 10. b5 Na5 11. Be2 Bb7 12. d3 Rc8 13. O-O d4 14. e4 c4 15. e5 c3
16. exf6 cxb2 17. Qxb2 Bxf6 18. Ne1 Nc4 19. Qb3 Ne3 20. Bf3 Bxf3 21. Nxf3 Nxf1
22. Kxf1 Rc1+ 0-1

[Event "Oberliga Ost A"]
[Site "?"]
[Date "2022.04.30"]
[Round "2.2"]
[White "Cerveny, Martin"]
[Black "Pietzsch, Manuel"]
[Result "1/2-1/2"]
[WhiteElo "2412"]
[BlackElo "2099"]
[PlyCount "104"]
[EventDate "2021.10.10"]
[EventType "team-tourn"]
[EventCountry "GER"]
[WhiteTeam "Aue ESV Nickelhuette"]
[BlackTeam "Leipzig SG II"]
[WhiteTeamCountry "GER"]
[BlackTeamCountry "GER"]

1. d4 Nf6 2. Nf3 g6 3. g3 Bg7 4. Bg2 O-O 5. O-O d6 6. b3 e5 7. dxe5 dxe5 8. Nc3
e4 9. Nd4 Qe7 10. e3 c5 11. Nde2 Rd8 12. Qe1 Nc6 13. Bb2 Ne5 14. Kh1 Nf3 15.
Qc1 g5 16. Ng1 g4 17. Rd1 Bf5 18. Nce2 Rxd1 19. Qxd1 Rd8 20. Qf1 Nd5 21. Bxg7
Kxg7 22. Rd1 Qf6 23. Nf4 Nxf4 24. exf4 Rxd1 25. Qxd1 Qh6 26. Nxf3 exf3 27. Bf1
Qg6 28. c3 Qf6 29. Qd2 Qe7 30. Kg1 b6 31. Bc4 Qe4 32. Qd1 h5 33. Kf1 a5 34. a4
f6 35. Qe1 Kf8 36. Qxe4 Bxe4 37. Ke1 Ke7 38. Kd2 f5 39. Kc1 Kd6 40. Kb2 Bd5 41.
Ba6 Be6 42. Ka3 Kc7 43. Bb5 Bf7 44. b4 Kd6 45. bxa5 bxa5 46. Kb2 Kc7 47. Kc2
Kd6 48. Kd3 Kc7 49. Ba6 Be6 50. Bb5 Bf7 51. Kd2 Kd6 52. Kc2 Kc7 1/2-1/2